Polymer modification : principles, techniques, and applications /
Salvato in:
| Altri autori: | |
|---|---|
| Natura: | Libro |
| Lingua: | inglese |
| Pubblicazione: |
New York :
Marcel Dekker,
2000.
|
| Serie: | Plastics engineering (Marcel Dekker, Inc.) ;
60. |
| Soggetti: | |
| Accesso online: | Publisher description Visualizza in OPAC |
| Tags: |
Nessun Tag, puoi essere il primo ad aggiungerne!!
|
MARC
| LEADER | 00000cam a22000004a 4500 | ||
|---|---|---|---|
| 001 | 11987074 | ||
| 003 | SK-BrSCK | ||
| 005 | 20260127134423.0 | ||
| 008 | 000426s2000 nyua b 001 0 eng | ||
| 010 | |a 00031575 | ||
| 020 | |a 0824700783 (alk. paper) | ||
| 040 | |a DLC |c SK-BrSCK |d DLC | ||
| 042 | |a pcc | ||
| 082 | 0 | 0 | |a 668.9 |2 21 |
| 245 | 0 | 0 | |a Polymer modification : |b principles, techniques, and applications / |c edited by John J. Meister. |
| 260 | |a New York : |b Marcel Dekker, |c 2000. | ||
| 300 | |a x, 914 p. : |b ill. ; |c 24 cm. | ||
| 490 | 1 | |a Plastics engineering ; |v 60 | |
| 504 | |a Includes bibliographical references and index. | ||
| 650 | 0 | |a Polymers. | |
| 700 | 1 | |a Meister, John J. | |
| 830 | 0 | |a Plastics engineering (Marcel Dekker, Inc.) ; |v 60. | |
| 856 | 4 | 2 | |3 Publisher description |u http://www.loc.gov/catdir/enhancements/fy0647/00031575-d.html |
| 906 | |a 7 |b cbc |c orignew |d 1 |e ocip |f 20 |g y-gencatlg | ||
| 942 | |2 udc |c 14 | ||
| 999 | |c 12400 |d 12400 | ||